000 00734ctc a22001935a 4500
001 L141110
008 071029i18431859xxk eng u
035 _a(Sirsi) u141110
041 0 _aeng
245 0 1 _a[Collection of documents related to the auctioneer John R. Smith of Cowes]
_h[manuscript]
260 _c1843-1859
300 _a4 items
_c34 x 23 cm., or smaller
340 _aManuscript and printed
351 _cFonds
500 _aIncludes a note from John R. Smith regarding the commencement of his business (5 January 1843), a payment draft dated 18 May 1849, and documents related to Smith's bankruptcy dated 1858 and 1859.
651 4 _aIsle of Wight
690 _aPROPERTY-AUCTIONEERING-AUCTIONEERS
942 _n0
999 _c116598
_d116598